000 00628nam a22002057a 4500
999 _c5777
_d5777
003 OSt
005 20230817111934.0
008 161118b xxu||||| |||| 00| 0 eng d
020 _a978-971-9654-25-4
040 _cLIC
082 _22016
_aDFil 658.406
_bF663
100 _917642
_aFlores, Marivic F.
245 _aOrganization development/
_cMarivic F. Flores.
260 _aManila:
_bUnlimited Books Library Services & Publishing Inc.,
_cc2016.
300 _aviii, 340 pages;
_c23 cm.
365 _b530.00
_cPhp
500 _aIncludes bibliographical references.
650 0 _917647
_aOrganizational change
942 _2ddc
_cDFIL